<?xml version="1.0" encoding="UTF-8"?>
<record
    xmlns:xsi="http://www.w3.org/2001/XMLSchema-instance"
    xsi:schemaLocation="http://www.loc.gov/MARC21/slim http://www.loc.gov/standards/marcxml/schema/MARC21slim.xsd"
    xmlns="http://www.loc.gov/MARC21/slim">

  <leader>01394nam1a22003011i 4500</leader>
  <controlfield tag="001">rc\3600791</controlfield>
  <controlfield tag="005">20240726081814.0</controlfield>
  <datafield tag="035" ind1=" " ind2=" ">
    <subfield code="a">(NLR Aleph) 007812612</subfield>
  </datafield>
  <datafield tag="090" ind1=" " ind2=" ">
    <subfield code="a">7718353</subfield>
    <subfield code="c">7718353</subfield>
  </datafield>
  <datafield tag="100" ind1=" " ind2=" ">
    <subfield code="a">20130115g1972    |||y0rusy50      ca</subfield>
  </datafield>
  <datafield tag="101" ind1="0" ind2=" ">
    <subfield code="a">rus</subfield>
  </datafield>
  <datafield tag="102" ind1=" " ind2=" ">
    <subfield code="a">RU</subfield>
  </datafield>
  <datafield tag="105" ind1=" " ind2=" ">
    <subfield code="a">y   z   |||||</subfield>
  </datafield>
  <datafield tag="200" ind1="1" ind2=" ">
    <subfield code="a">&#x41F;&#x43E;&#x441;&#x43E;&#x431;&#x438;&#x435; &#x43F;&#x43E; &#x441;&#x442;&#x440;&#x430;&#x43D;&#x43E;&#x432;&#x435;&#x434;&#x435;&#x43D;&#x438;&#x44E;</subfield>
    <subfield code="e">&#x414;&#x43B;&#x44F; IV &#x43A;&#x443;&#x440;&#x441;&#x430; [&#x444;&#x430;&#x43A;. &#x43D;&#x435;&#x43C;. &#x44F;&#x437;.</subfield>
    <subfield code="f">&#x420;&#x435;&#x434;. &#x43A;&#x43E;&#x43B;&#x43B;&#x435;&#x433;&#x438;&#x44F;: &#x43A;&#x430;&#x43D;&#x434;. &#x444;&#x438;&#x43B;&#x43E;&#x43B;. &#x43D;&#x430;&#x443;&#x43A; &#x41B;.&#x410;. &#x421;&#x443;&#x445;&#x430;&#x440;&#x435;&#x432;&#x430; (&#x43E;&#x442;&#x432;. &#x440;&#x435;&#x434;.) &#x438; &#x434;&#x440;.]</subfield>
    <subfield code="g">[&#x41C;-&#x432;&#x43E; &#x432;&#x44B;&#x441;&#x448;. &#x438; &#x441;&#x440;&#x435;&#x434;. &#x441;&#x43F;&#x435;&#x446;. &#x43E;&#x431;&#x440;&#x430;&#x437;&#x43E;&#x432;&#x430;&#x43D;&#x438;&#x44F; &#x411;&#x421;&#x421;&#x420;]. &#x41C;&#x438;&#x43D;. &#x433;&#x43E;&#x441;. &#x43F;&#x435;&#x434;. &#x438;&#x43D;-&#x442; &#x438;&#x43D;&#x43E;&#x441;&#x442;&#x440;. &#x44F;&#x437;. &#x427;. 1-</subfield>
  </datafield>
  <datafield tag="210" ind1=" " ind2=" ">
    <subfield code="a">&#x41C;&#x438;&#x43D;&#x441;&#x43A;</subfield>
    <subfield code="c">&#x411;. &#x438;.</subfield>
    <subfield code="d">1972-</subfield>
  </datafield>
  <datafield tag="215" ind1=" " ind2=" ">
    <subfield code="d">21</subfield>
  </datafield>
  <datafield tag="300" ind1=" " ind2=" ">
    <subfield code="a">&#x41F;&#x435;&#x440;&#x435;&#x434; &#x437;&#x430;&#x433;&#x43B;. &#x430;&#x432;&#x442;.: &#x413;.&#x418;. &#x41A;&#x443;&#x43B;&#x438;&#x43A;&#x43E;&#x432;, &#x412;.&#x418;. &#x41C;&#x430;&#x440;&#x442;&#x438;&#x43D;&#x435;&#x432;&#x441;&#x43A;&#x438;&#x439;, &#x420;.&#x412;. &#x41F;&#x430;&#x432;&#x43B;&#x43E;&#x432;&#x438;&#x447;, &#x41C;.&#x413;. &#x42D;&#x440;&#x435;&#x43D;&#x448;&#x442;&#x435;&#x439;&#x43D;</subfield>
  </datafield>
  <datafield tag="606" ind1=" " ind2=" ">
    <subfield code="a">&#x41D;&#x435;&#x43C;&#x435;&#x446;&#x43A;&#x438;&#x439; &#x44F;&#x437;&#x44B;&#x43A;</subfield>
    <subfield code="j">&#x423;&#x447;&#x435;&#x431;&#x43D;&#x438;&#x43A;&#x438; &#x438; &#x43F;&#x43E;&#x441;&#x43E;&#x431;&#x438;&#x44F;</subfield>
    <subfield code="2">psbo</subfield>
  </datafield>
  <datafield tag="607" ind1=" " ind2=" ">
    <subfield code="a">&#x413;&#x435;&#x440;&#x43C;&#x430;&#x43D;&#x438;&#x44F;</subfield>
    <subfield code="x">&#x418;&#x441;&#x442;&#x43E;&#x440;&#x438;&#x44F;</subfield>
    <subfield code="z">19-20 &#x432;&#x432;.</subfield>
    <subfield code="j">&#x425;&#x440;&#x435;&#x441;&#x442;&#x43E;&#x43C;&#x430;&#x442;&#x438;&#x438; &#x43D;&#x430; &#x438;&#x43D;&#x43E;&#x441;&#x442;&#x440;&#x430;&#x43D;&#x43D;&#x44B;&#x445; &#x44F;&#x437;&#x44B;&#x43A;&#x430;&#x445;</subfield>
    <subfield code="2">psbo</subfield>
  </datafield>
  <datafield tag="701" ind1=" " ind2="1">
    <subfield code="a">&#x41C;&#x430;&#x440;&#x442;&#x438;&#x43D;&#x435;&#x432;&#x441;&#x43A;&#x438;&#x439;</subfield>
    <subfield code="b">&#x412;.&#x418;.</subfield>
  </datafield>
  <datafield tag="701" ind1=" " ind2="1">
    <subfield code="a">&#x41F;&#x430;&#x432;&#x43B;&#x43E;&#x432;&#x438;&#x447;</subfield>
    <subfield code="b">&#x420;.&#x412;.</subfield>
  </datafield>
  <datafield tag="701" ind1=" " ind2="1">
    <subfield code="a">&#x41A;&#x443;&#x43B;&#x438;&#x43A;&#x43E;&#x432;</subfield>
    <subfield code="b">&#x413;.&#x418;.</subfield>
  </datafield>
  <datafield tag="701" ind1=" " ind2="1">
    <subfield code="a">&#x42D;&#x440;&#x435;&#x43D;&#x448;&#x442;&#x435;&#x439;&#x43D;</subfield>
    <subfield code="b">&#x41C;.&#x413;.</subfield>
  </datafield>
  <datafield tag="702" ind1=" " ind2="1">
    <subfield code="a">&#x421;&#x443;&#x445;&#x430;&#x440;&#x435;&#x432;&#x430;</subfield>
    <subfield code="b">&#x41B;.&#x410;.</subfield>
    <subfield code="4">340</subfield>
  </datafield>
  <datafield tag="801" ind1=" " ind2="0">
    <subfield code="a">RU</subfield>
    <subfield code="b">NLR</subfield>
    <subfield code="g">psbo</subfield>
  </datafield>
  <datafield tag="801" ind1=" " ind2="1">
    <subfield code="a">RU</subfield>
    <subfield code="b">ELAR</subfield>
    <subfield code="2">rusmarc</subfield>
  </datafield>
  <datafield tag="852" ind1=" " ind2=" ">
    <subfield code="a">NLR</subfield>
    <subfield code="j">72-3/9325</subfield>
  </datafield>
  <datafield tag="942" ind1=" " ind2=" ">
    <subfield code="c">BOOK</subfield>
  </datafield>
</record>
